000 00826nam a22002777a 4500
001 BR9606016
003 BR-BrBNA
005 20230928095059.0
007 ta
008 230509b bl.||||| |||| 00| 0 por d
040 _aBR-BrBNA
_bpor
_cBiblioteca Nacional de Agricultura
041 _a(Por)
072 _aF04; F01
_b1660
090 _ 1660 BR9606016
100 1 _aAquino, A.M. de
100 1 _aNeves, M.C.P.
110 1 _aCentro Nacional de Pesquisa de Agrobiologia, Seropedica, RJ (Brasil)
_91747
245 1 _aA Historia do Seu Joao das alfaces. Uma introducao a agricultura organica
260 3 _aSeropedica, RJ (Brasil):
_bEMBRAPA - SPI,
_c1996.
300 _a32 p.
650 _aAlface
650 _aAdubacao Verde
650 _aRotacao de Cultura
909 _a202309
_bLucia
_c55
_dLucia Elande
942 _cBK
999 _c54401
_d54401